| 000 | 01118 a2200205 4500 | ||
|---|---|---|---|
| 001 | 54102 | ||
| 005 | 20260407155811.0 | ||
| 008 | 260407a1965 arg spa d | ||
| 003 | AR-UNSa-BCEJYS | ||
| 040 |
_aAR-UNSa-BCEJYS _bspa _cAR-UNSa-BCEJYS |
||
| 080 |
_a510 _xConsideraciones fundamentales y generales de las matemáticas |
||
| 245 | 1 | 0 | _aMatemáticas para economistas |
| 264 | 1 |
_aBarcelona : _bEdiciones Ariel _c1965 |
|
| 300 |
_a582 p. _c23 cm. |
||
| 505 | _a1. Conjuntos - 2. Funciones y límites - 3. Diferenciación - 4. Funciones de varias variables - 5. Máximos y mínimos - 6. Integración - 7. Series - 8. Ecuaciones diferenciales - 9. Ecuaciones en diferencias finitas - 10. Vectores y matrices(1ra parte) - 11. Vectores y matrices(2da parte) - 12. Vectores y matrices(3ra parte) - 13. Probabilidades y distribuciones - 14. Conceptos estadísticos-Estimación - 15. Verificación o contrastación de hipótesis - 16. Análisis de la regresión - 17. Correlación - 18. Teoría de los juegos | ||
| 041 | _aspa | ||
| 942 | _cBK | ||
| 590 | _aniveau_biblio:m niveau_hierar:0 | ||
| 100 | 1 | _aYamane, Taro | |
| 999 |
_c5349 _d5349 |
||